| 000 | 00497nam a22001697a 4500 | ||
|---|---|---|---|
| 003 | BD-ChCU | ||
| 005 | 20260128122158.0 | ||
| 008 | 260128b bg ||||| |||| 00| 0 ben d | ||
| 040 | _cBD-ChCU | ||
| 082 | _a510 SUH | ||
| 100 |
_aSuvorov , I . _919849 |
||
| 245 |
_aHigher mathematics : _btextbook for technical school , translated from the Russian ./ _cI , Suvorov. |
||
| 260 |
_aMoscow : _bPeace publishers , _cC 1963 |
||
| 300 | _a317p | ||
| 650 | 0 |
_aMathematics . _919850 |
|
| 942 |
_2ddc _cBK _n0 |
||
| 999 |
_c111352 _d111352 |
||